[Event "World Blitz Championship"]
[Site "Khanty-Mansiysk RUS"]
[Date "2013.06.09"]
[Round "8.3"]
[White "Ngoc Truongson Nguyen"]
[Black "Daniil Dubov"]
[Result "1-0"]
[EventDate "2013.06.09"]
[WhiteElo "2625"]
[BlackElo "2638"]
[PlyCount "121"]

1. d4 Nf6 2. c4 c5 3. d5 b5 4. cxb5 a6 5. e3 axb5 6. Bxb5 Qa5+ 7. Nc3 Bb7 8. Ne2 Nxd5 9. O-O Nxc3 10. Nxc3 g6 11. Qb3 Qb4 12. Bc4 Qxb3 13. Bxb3 Bg7 14. Bd2 O-O 15. Rac1 d6 16. Nd1 Nd7 17. Bc3 e5 18. f4 Ba6 19. Rf2 c4 20. Bc2 d5 21. fxe5 Nxe5 22. Rd2 Bb7 23. a3 Nd7 24. Bxg7 Kxg7 25. e4 Nf6 26. exd5 Bxd5 27. Ne3 Be6 28. Bd1 Rfd8 29. Rxd8 Rxd8 30. Bf3 Rb8 31. Rc2 Rb3 32. Kf2 c3 33. Rxc3 Rxb2+ 34. Rc2 Rb3 35. a4 Ra3 36. Bc6 Bd7 37. Bxd7 Nxd7 38. Rc7 Nf6 39. Rc4 Ne8 40. Rd4 Nf6 41. Ke2 h5 42. Nc2 Rb3 43. Rb4 Rc3 44. Kd2 Rc5 45. Ne3 Ra5 46. Nc4 Rd5+ 47. Kc2 Ng4 48. a5 Nxh2 49. a6 Rd8 50. a7 Ra8 51. Ra4 Ng4 52. Nb6 Ne3+ 53. Kd3 Rxa7 54. Rxa7 Nxg2 55. Nc4 Nf4+ 56. Ke4 Ne6 57. Ne5 Ng5+ 58. Kf4 Nh3+ 59. Kg3 Ng5 60. Kh4 Kf6 61. Nd7+ 1-0

[Event "World Blitz Championship"]
[Site "Khanty-Mansiysk RUS"]
[Date "2013.06.09"]
[Round "11.12"]
[White "Daniil Dubov"]
[Black "Ernesto Inarkiev"]
[Result "1-0"]
[EventDate "2013.06.09"]
[WhiteElo "2638"]
[BlackElo "2680"]
[PlyCount "163"]

1. d4 d5 2. c4 c6 3. e3 Nf6 4. Bd3 g6 5. Nc3 Bg7 6. Nf3 O-O 7. O-O a6 8. Qc2 Bg4 9. Ne5 Be6 10. b3 Nbd7 11. Nxd7 Qxd7 12. a4 Bf5 13. Ba3 Bxd3 14. Qxd3 Rfe8 15. a5 Rad8 16. Rfd1 Qf5 17. Qxf5 gxf5 18. f3 e6 19. Kf2 Bf8 20. Na4 Nd7 21. h3 h5 22. Bxf8 Kxf8 23. Nb2 Ke7 24. h4 Nf8 25. Nd3 Ng6 26. Nc5 Rb8 27. Ra4 Kd6 28. Rb4 Kc7 29. Rc1 Nf8 30. Kg3 Ng6 31. Rb6 Rg8 32. Kh3 f4 33. cxd5 exd5 34. e4 Ne7 35. Kh2 dxe4 36. fxe4 Nc8 37. Rb4 Rg4 38. d5 Ne7 39. d6+ Kxd6 40. Rd4+ Ke5 41. Rd7 Kf6 42. e5+ Kxe5 43. Rxe7+ Kd4 44. Re4+ Kd5 45. Re2 Rbg8 46. Rd2+ Ke5 47. Re1+ Kf5 48. Re7 f6 49. Kh3 Rg3+ 50. Kh2 R3g4 51. Nxb7 Rxh4+ 52. Kg1 f3 53. Nd6+ Kg5 54. Ne4+ Kf5 55. Nd6+ Kg5 56. gxf3 Kf4+ 57. Rg2 Rd8 58. Re4+ Kxf3 59. Rxh4 Rxd6 60. Rh3+ Kf4 61. Rxh5 Rd1+ 62. Kh2 Rd3 63. Rh3 Rd5 64. Rh4+ Kf3 65. Rh3+ Kf4 66. b4 f5 67. Rc3 Rd4 68. Rxc6 Rxb4 69. Rxa6 Kf3 70. Rb6 Ra4 71. Rb3+ Ke4 72. Re2+ Kf4 73. Rf2+ Ke4 74. Re2+ Kf4 75. Rb5 Kf3 76. Reb2 f4 77. R5b3+ Kg4 78. Rg2+ Kf5 79. Rgb2 Kg4 80. Rg2+ Kf5 81. Rf2 Kg4 82. Rbf3 1-0

[Event "World Blitz Championship"]
[Site "Khanty-Mansiysk RUS"]
[Date "2013.06.09"]
[Round "13.14"]
[White "Alexander Moiseenko"]
[Black "Daniil Dubov"]
[Result "0-1"]
[EventDate "2013.06.09"]
[WhiteElo "2711"]
[BlackElo "2638"]
[PlyCount "98"]

1. d4 Nf6 2. c4 c5 3. d5 b5 4. cxb5 a6 5. e3 axb5 6. Bxb5 Qa5+ 7. Nc3 Bb7 8. e4 Nxe4 9. Ne2 Nxc3 10. Nxc3 Ba6 11. Bxa6 Qxa6 12. a4 Qc4 13. Nb5 Na6 14. b3 Qe4+ 15. Kf1 e6 16. Bb2 Qxd5 17. Qxd5 exd5 18. Re1+ Kd8 19. h4 d6 20. Rh3 Kd7 21. Rf3 f6 22. h5 h6 23. Bc3 d4 24. Bd2 Re8 25. Rxe8 Kxe8 26. Ke2 Be7 27. Kd3 Kd7 28. Rg3 Rh7 29. Rg6 d5 30. Rg3 f5 31. Rg6 Bf6 32. f3 c4+ 33. bxc4 Nc5+ 34. Kc2 dxc4 35. g4 fxg4 36. fxg4 d3+ 37. Kd1 Ne4 38. a5 Rh8 39. a6 Ra8 40. a7 Kc6 41. Nc3 Nxd2 42. Kxd2 Rxa7 43. g5 hxg5 44. h6 Kc5 45. h7 Ra8 46. Ne4+ Kd4 47. Nxf6 c3+ 48. Ke1 c2 49. Kd2 Ra1 0-1

[Event "World Blitz Championship"]
[Site "Khanty-Mansiysk RUS"]
[Date "2013.06.09"]
[Round "14.14"]
[White "Daniil Dubov"]
[Black "Alexander Moiseenko"]
[Result "0-1"]
[EventDate "2013.06.09"]
[WhiteElo "2638"]
[BlackElo "2711"]
[PlyCount "60"]

1. d4 Nf6 2. c4 e6 3. Nc3 Bb4 4. e3 b6 5. Ne2 Ne4 6. Qc2 Bb7 7. a3 Bxc3+ 8. Nxc3 Nxc3 9. Qxc3 O-O 10. Bd2 d6 11. Bd3 Bxg2 12. Rg1 Bf3 13. Rg3 Bh5 14. Qc2 f5 15. d5 Qh4 16. dxe6 Qxh2 17. Qc3 Bg6 18. e7 Re8 19. Bxf5 Nc6 20. Bxg6 hxg6 21. O-O-O Qxf2 22. Rxg6 Ne5 23. Rg5 Rxe7 24. Rdg1 Rf8 25. Kb1 Rff7 26. Qc2 Qe2 27. b3 Rf2 28. Kc1 Nd3+ 29. Kb1 Qxd2 30. Qxd2 Rxd2 0-1

[Event "World Blitz Championship"]
[Site "Khanty-Mansiysk RUS"]
[Date "2013.06.09"]
[Round "15.13"]
[White "Daniil Dubov"]
[Black "Gabriel Sargissian"]
[Result "1-0"]
[EventDate "2013.06.09"]
[WhiteElo "2638"]
[BlackElo "2671"]
[PlyCount "101"]

1. Nf3 Nf6 2. g3 d5 3. Bg2 g6 4. b3 Bg7 5. Bb2 O-O 6. O-O c6 7. c4 Bg4 8. d3 Bxf3 9. Bxf3 e6 10. Nd2 Nbd7 11. Bg2 Qe7 12. Qc2 Rfe8 13. Rfe1 Nh5 14. d4 Nhf6 15. e3 a6 16. a4 Qb4 17. Bc3 Qe7 18. b4 dxc4 19. Nxc4 Nd5 20. Bd2 e5 21. dxe5 Nxe5 22. Rab1 Nxc4 23. Qxc4 Rad8 24. Qc2 Nf6 25. Red1 Qe6 26. Be1 Rc8 27. Rd3 b5 28. Rbd1 Nd5 29. axb5 axb5 30. Bxd5 cxd5 31. Qb3 d4 32. Qxe6 Rxe6 33. exd4 Rd6 34. d5 Bf8 35. Bd2 Rd7 36. Be3 Bxb4 37. Rb1 Bf8 38. Rxb5 f5 39. Kg2 Kf7 40. Bf4 Be7 41. Rd2 h5 42. h4 Rcd8 43. Kf3 Re8 44. Rb6 Red8 45. d6 Bf8 46. Rc6 Ke6 47. Rc7 Kf7 48. Bg5 Rxc7 49. dxc7 Rc8 50. Rd7+ Ke6 51. Rd8 1-0

[Event "World Blitz Championship"]
[Site "Khanty-Mansiysk RUS"]
[Date "2013.06.09"]
[Round "16.13"]
[White "Gabriel Sargissian"]
[Black "Daniil Dubov"]
[Result "1/2-1/2"]
[EventDate "2013.06.09"]
[WhiteElo "2671"]
[BlackElo "2638"]
[PlyCount "63"]

1. d4 Nf6 2. Nf3 c5 3. d5 g6 4. Nc3 Bg7 5. e4 O-O 6. a4 e6 7. Bc4 exd5 8. Bxd5 d6 9. O-O Nxd5 10. Nxd5 h6 11. Bf4 Nc6 12. Qd2 Kh7 13. Rad1 Bg4 14. Qe3 Nd4 15. c3 Bxf3 16. gxf3 Ne6 17. Bg3 Qd7 18. a5 f5 19. f4 fxe4 20. Qxe4 Rae8 21. Qd3 Qa4 22. Rfe1 Qxa5 23. Re2 Qd8 24. Rde1 Qd7 25. Re4 Nd8 26. Re7 Rxe7 27. Rxe7 Qf5 28. Qd1 Rf7 29. Ne3 Qf6 30. Nd5 Qf5 31. Ne3 Qf6 32. Nd5 1/2-1/2

[Event "European Championship"]
[Site "Legnica POL"]
[Date "2013.05.05"]
[Round "1.60"]
[White "Daniil Dubov"]
[Black "Thomas Ernst"]
[Result "1-0"]
[EventDate "2013.05.05"]
[WhiteElo "2622"]
[BlackElo "2387"]
[PlyCount "81"]

1. d4 Nf6 2. Nf3 e6 3. c4 b6 4. Nc3 Bb4 5. Bg5 Bb7 6. Nd2 h6 7. Bh4 Bxc3 8. bxc3 g5 9. Bg3 d6 10. e3 Qe7 11. h4 Rg8 12. hxg5 hxg5 13. Qb1 Nbd7 14. a4 a5 15. c5 dxc5 16. Bxc7 Nd5 17. Qh7 Rf8 18. Qh2 e5 19. Bxe5 Nxe5 20. dxe5 O-O-O 21. Rc1 f6 22. Nc4 fxe5 23. Qxe5 Qf7 24. Rc2 Qg6 25. Be2 g4 26. Rb2 g3 27. Qxg3 Qxg3 28. fxg3 Nxc3 29. Bg4+ Kb8 30. Rxb6 Nd5 31. Rb5 Nc7 32. Rb6 Nd5 33. Rb5 Nc7 34. Rxc5 Bxg2 35. Rh7 Rf1+ 36. Ke2 Nd5 37. Rb5+ Ka8 38. Rxa5+ Kb8 39. Rb5+ Ka8 40. Rxd5 Bxd5 41. Nb6+ 1-0

[Event "Aeroflot Open (Rapid KO)"]
[Site "Moscow RUS"]
[Date "2013.02.15"]
[Round "1.1"]
[White "Abhijeet Gupta"]
[Black "Daniil Dubov"]
[Result "1/2-1/2"]
[EventDate "?"]
[WhiteElo "2612"]
[BlackElo "2614"]
[PlyCount "79"]

1. d4 d5 2. c4 c6 3. Nf3 Nf6 4. Nc3 dxc4 5. a4 e6 6. e3 c5 7. Bxc4 Nc6 8. O-O cxd4 9. Nxd4 Nxd4 10. exd4 Be7 11. Be3 O-O 12. Qf3 Qc7 13. b3 Bd7 14. Rac1 Ba3 15. Rcd1 Bc6 16. d5 exd5 17. Nxd5 Nxd5 18. Bxd5 Rfd8 19. Bxc6 bxc6 20. g3 Qb7 21. Bg5 Rxd1 22. Rxd1 h6 23. Bf4 Re8 24. h4 Qc8 25. Kg2 Qe6 26. Rd3 Bf8 27. Be3 a6 28. Rc3 Rc8 29. Rc4 c5 30. Qb7 Rc6 31. a5 Qd5+ 32. Kh2 Rd6 33. Qc8 Rc6 34. Qg4 Re6 35. Qe2 Bd6 36. Qc2 Qf3 37. Rc3 Bxg3+ 38. fxg3 Rxe3 39. Rxe3 Qxe3 40. b4 1/2-1/2

[Event "Aeroflot Open (Rapid KO)"]
[Site "Moscow RUS"]
[Date "2013.02.15"]
[Round "1.2"]
[White "Daniil Dubov"]
[Black "Abhijeet Gupta"]
[Result "0-1"]
[EventDate "?"]
[WhiteElo "2614"]
[BlackElo "2612"]
[PlyCount "116"]

1. d4 d5 2. c4 c6 3. e3 Nf6 4. Bd3 g6 5. Nf3 Bg7 6. O-O O-O 7. Nc3 a6 8. b3 c5 9. Bb2 cxd4 10. exd4 Nc6 11. h3 dxc4 12. Bxc4 b5 13. Be2 Bb7 14. Qd2 Qd6 15. Rad1 Rfd8 16. Rfe1 e6 17. Qc1 Rac8 18. Qb1 Ne7 19. Ne5 Ned5 20. Nxd5 Nxd5 21. Bf3 Nc3 22. Bxc3 Bxf3 23. Nxf3 Rxc3 24. Re3 Rc7 25. Re2 Qd5 26. Rc1 Rcd7 27. Rc5 Qb7 28. Rd2 Bxd4 29. Nxd4 Rxd4 30. Rxd4 Rxd4 31. Qc2 Qd7 32. Rc6 Rd1+ 33. Kh2 Qd4 34. Qc3 Qxc3 35. Rxc3 Rd2 36. a3 Rxf2 37. Rc6 a5 38. Rc5 Ra2 39. Rxb5 Rxa3 40. b4 axb4 41. Rxb4 Kg7 42. Rb5 h5 43. h4 f5 44. g3 Kf6 45. Kg2 g5 46. hxg5+ Kxg5 47. Rb8 Ra7 48. Re8 Kf6 49. Rh8 Kg6 50. Rg8+ Rg7 51. Ra8 Kg5 52. Re8 Rg6 53. Kf3 Rh6 54. Ra8 h4 55. Rg8+ Kf6 56. g4 Rg6 57. Rf8+ Ke7 58. gxf5 Rg3+ 0-1

[Event "Aeroflot Open (Rapid Qualifier)"]
[Site "Moscow RUS"]
[Date "2013.02.12"]
[Round "4.9"]
[White "Daniil Dubov"]
[Black "Laurent Fressinet"]
[Result "0-1"]
[EventDate "2013.02.12"]
[WhiteElo "2614"]
[BlackElo "2706"]
[PlyCount "58"]

1. Nf3 Nf6 2. g3 d5 3. Bg2 e6 4. O-O Be7 5. c4 O-O 6. b3 c5 7. e3 Nc6 8. Qe2 e5 9. cxd5 Nxd5 10. Bb2 e4 11. Ne1 Bf6 12. d3 Bg4 13. Qd2 Bxb2 14. Qxb2 exd3 15. Bxd5 Qxd5 16. Nc3 Qd7 17. f3 d2 18. Ng2 Bh3 19. Rad1 Rad8 20. Ne4 Qe7 21. Nxd2 Bxg2 22. Kxg2 Qxe3 23. Ne4 b6 24. Rfe1 Qh6 25. h4 Qg6 26. Qe2 h6 27. Nf2 Nd4 28. Qe4 Qxe4 29. Nxe4 Nc2 0-1

[Event "Bundesliga 2012/13"]
[Site "Emsdetten GER"]
[Date "2012.12.09"]
[Round "6"]
[White "Simon Bekker-Jensen"]
[Black "Daniil Dubov"]
[Result "1/2-1/2"]
[EventDate "2012.10.20"]
[WhiteElo "2402"]
[BlackElo "2603"]
[PlyCount "78"]

1. d4 Nf6 2. c4 c5 3. d5 b5 4. cxb5 a6 5. f3 e6 6. e4 exd5 7. e5 Qe7 8. Qe2 Ng8 9. Nc3 Bb7 10. Nh3 Qd8 11. Nf4 Ne7 12. Kf2 g6 13. g4 Bg7 14. Na4 Qc7 15. Nd3 c4 16. b6 Qc6 17. Ndc5 O-O 18. Bg2 d6 19. exd6 Nc8 20. Nxb7 Qxb7 21. f4 Nd7 22. Qxc4 Ncxb6 23. Qb3 Qc6 24. Nc3 Nf6 25. Kg3 Rab8 26. Rd1 Qc5 27. Qc2 d4 28. Qf2 Rfe8 29. g5 Nh5+ 30. Kh4 h6 31. Ne4 Qf5 32. Qf3 f6 33. Ng3 Nxg3 34. hxg3 h5 35. g4 hxg4 36. Qxg4 Qxg4+ 37. Kxg4 f5+ 38. Kg3 Rbd8 39. Bf1 a5 1/2-1/2

[Event "Bundesliga 2012/13"]
[Site "Emsdetten GER"]
[Date "2012.12.08"]
[Round "5"]
[White "Daniil Dubov"]
[Black "Robert Kempinski"]
[Result "1/2-1/2"]
[EventDate "2012.10.20"]
[WhiteElo "2603"]
[BlackElo "2602"]
[PlyCount "52"]

1. d4 d5 2. c4 c6 3. e3 Nf6 4. Bd3 e5 5. Nc3 e4 6. Bc2 Bd6 7. f3 Qe7 8. fxe4 Nxe4 9. Nf3 O-O 10. O-O f5 11. cxd5 Nxc3 12. bxc3 cxd5 13. Qe2 Nc6 14. c4 dxc4 15. Qxc4+ Kh8 16. Bd2 Be6 17. Qb5 a6 18. Qb1 Nb4 19. Bb3 a5 20. Bxe6 Qxe6 21. a3 Nd5 22. Qd3 a4 23. Ng5 Qg6 24. Nf3 Qe6 25. Ng5 Qg6 26. Nf3 Qe6 1/2-1/2

[Event "TCh-Moscow 2012"]
[Site "Moscow RUS"]
[Date "2012.09.30"]
[Round "4.1"]
[White "Daniil Dubov"]
[Black "Andrey Rychagov"]
[Result "1/2-1/2"]
[EventDate "?"]
[WhiteElo "2603"]
[BlackElo "2555"]
[PlyCount "104"]

1. d4 d5 2. c4 e6 3. Nc3 Nf6 4. cxd5 exd5 5. Bg5 Be7 6. e3 O-O 7. Bd3 Nbd7 8. Nge2 Re8 9. O-O c6 10. f3 Nf8 11. Kh1 Be6 12. Qd2 Ne4 13. Nxe4 Bxg5 14. Nxg5 Qxg5 15. f4 Qe7 16. Ng3 f6 17. Rae1 Qd6 18. Qf2 Re7 19. Qf3 Rae8 20. Re2 c5 21. dxc5 Qxc5 22. Rfe1 Qc8 23. h3 Rc7 24. e4 dxe4 25. Nxe4 Rd8 26. Qg3 Kh8 27. f5 Rxd3 28. Qxd3 Bc4 29. Qa3 Bxe2 30. Nd6 Qd8 31. Rxe2 Re7 32. Qd3 Qd7 33. Qd5 h6 34. Rxe7 Qxe7 35. Nxb7 Nd7 36. Qd4 a6 37. Kh2 Qe2 38. Qc3 Ne5 39. Nc5 Nf3+ 40. Qxf3 Qe5+ 41. g3 Qxc5 42. Kg2 Kh7 43. b3 Qc2+ 44. Qf2 Qe4+ 45. Kh2 Qd3 46. h4 Qe4 47. Kg1 Qb1+ 48. Kg2 Qe4+ 49. Kh2 Qd3 50. g4 Kh8 51. Kg2 Kh7 52. Kh2 Kh8 1/2-1/2

[Event "Russian Championship Superfinal"]
[Site "Moscow RUS"]
[Date "2012.08.12"]
[Round "9"]
[White "Daniil Dubov"]
[Black "Dmitry Andreikin"]
[Result "1/2-1/2"]
[EventDate "2012.08.03"]
[WhiteElo "2594"]
[BlackElo "2715"]
[PlyCount "63"]

1. d4 Nf6 2. c4 e6 3. Nc3 Bb4 4. e3 O-O 5. Ne2 c6 6. a3 Ba5 7. Ng3 d5 8. cxd5 exd5 9. Bd3 Re8 10. O-O Nbd7 11. Bd2 Bc7 12. Qc2 Nf8 13. f3 h5 14. Rf2 h4 15. Nge2 Ne6 16. Rd1 a6 17. Bc1 Qd6 18. g3 c5 19. dxc5 Nxc5 20. Nf4 hxg3 21. hxg3 Re5 22. Bc4 Be6 23. e4 Rg5 24. Nfe2 Rxg3+ 25. Nxg3 Qxg3+ 26. Rg2 Qxf3 27. Rf2 Qg3+ 28. Rg2 Qf3 29. Rf2 Qg3+ 30. Rg2 Qf3 31. Rf2 Qg3+ 32. Rg2 1/2-1/2

[Event "Russian Championship Superfinal"]
[Site "Moscow RUS"]
[Date "2012.08.07"]
[Round "5"]
[White "Daniil Dubov"]
[Black "Vladimir Potkin"]
[Result "1/2-1/2"]
[EventDate "2012.08.03"]
[WhiteElo "2594"]
[BlackElo "2651"]
[PlyCount "48"]

1. Nf3 Nf6 2. g3 d5 3. Bg2 c6 4. c4 dxc4 5. O-O Nbd7 6. Qc2 Nb6 7. Na3 Be6 8. Ng5 Bg4 9. Nxc4 Bxe2 10. Ne5 Bh5 11. Re1 h6 12. Ne4 e6 13. Nxf6+ gxf6 14. Nxc6 bxc6 15. Bxc6+ Nd7 16. Qf5 Bg6 17. Rxe6+ Be7 18. Qxf6 Rg8 19. Re1 Kf8 20. Qf4 Rc8 21. Qxh6+ Rg7 22. Qh8+ Rg8 23. Qh6+ Rg7 24. Qh8+ Rg8 1/2-1/2

[Event "Russian Championship Superfinal"]
[Site "Moscow RUS"]
[Date "2012.08.04"]
[Round "2"]
[White "Daniil Dubov"]
[Black "Alexander Grischuk"]
[Result "1/2-1/2"]
[EventDate "2012.08.03"]
[WhiteElo "2594"]
[BlackElo "2763"]
[PlyCount "111"]

1. d4 Nf6 2. c4 e6 3. Nc3 Bb4 4. e3 O-O 5. Ne2 d5 6. a3 Be7 7. cxd5 exd5 8. g3 a5 9. Bg2 Na6 10. O-O Re8 11. Qc2 c6 12. f3 c5 13. Rd1 b6 14. dxc5 Bxc5 15. Nd4 Nc7 16. Qf2 Ba6 17. Bd2 Qe7 18. Na4 Qd7 19. Nc3 Bc4 20. Rac1 Rad8 21. Re1 Ne6 22. Bh3 Qb7 23. Ncb5 Ng5 24. Bf1 Qd7 25. Qg2 Ne6 26. Bc3 Bxd4 27. Nxd4 Nc5 28. g4 Na4 29. g5 Bxf1 30. Kxf1 Nh5 31. Qg4 g6 32. Qxd7 Rxd7 33. b3 Nc5 34. Re2 Rde7 35. Bd2 Ne6 36. Nxe6 Rxe6 37. Rd1 Re5 38. Rg2 Ng7 39. Re1 Nf5 40. Rge2 Nh4 41. f4 Re4 42. Kf2 Nf5 43. Bc3 h6 44. gxh6 Kh7 45. Kf3 R8e6 46. Bg7 f6 47. Kf2 b5 48. Bf8 d4 49. exd4 Rxf4+ 50. Kg2 Rxe2+ 51. Rxe2 Rxd4 52. Re6 Rd2+ 53. Kg1 Rd1+ 54. Kg2 Rd2+ 55. Kg1 Rd1+ 56. Kg2 1/2-1/2

[Event "Russian Championship Higher League"]
[Site "Tyumen RUS"]
[Date "2012.06.27"]
[Round "11"]
[White "Evgeny Alekseev"]
[Black "Daniil Dubov"]
[Result "1-0"]
[EventDate "2012.06.16"]
[WhiteElo "2677"]
[BlackElo "2569"]
[PlyCount "99"]

1. e4 c5 2. Nf3 d6 3. d4 cxd4 4. Nxd4 Nf6 5. Nc3 Nc6 6. Bg5 e6 7. Qd2 a6 8. O-O-O Bd7 9. f4 b5 10. Bxf6 gxf6 11. Kb1 Qb6 12. Nxc6 Bxc6 13. f5 b4 14. Ne2 e5 15. Ng3 h5 16. h4 Qc5 17. Qe2 Ke7 18. Nxh5 Bb5 19. Qg4 Bh6 20. Rd5 Qe3 21. Qd1 Qxe4 22. Bxb5 axb5 23. Rxd6 Rad8 24. Rd7+ Rxd7 25. Qxd7+ Kxd7 26. Nxf6+ Kc6 27. Nxe4 Rg8 28. g3 Rg4 29. Re1 Bg7 30. Re3 Kd5 31. Nf2 Rd4 32. a3 e4 33. Ng4 Rd1+ 34. Ka2 Bd4 35. Rb3 bxa3 36. Rxa3 Rd2 37. c3 Bc5 38. Ra8 e3 39. Re8 e2 40. h5 b4 41. Kb3 Rd3 42. Rxe2 bxc3 43. Nf6+ Kc6 44. bxc3 Rxg3 45. Ne4 Rh3 46. Nxc5 Kxc5 47. Re7 Rxh5 48. Rxf7 Rg5 49. Rf8 Kd6 50. f6 1-0

[Event "Russian Championship Higher League"]
[Site "Tyumen RUS"]
[Date "2012.06.26"]
[Round "10"]
[White "Daniil Dubov"]
[Black "Anton Demchenko"]
[Result "1/2-1/2"]
[EventDate "2012.06.16"]
[WhiteElo "2569"]
[BlackElo "2575"]
[PlyCount "68"]

1. d4 Nf6 2. c4 d6 3. Nf3 Nbd7 4. Nc3 e5 5. e4 g6 6. Be2 Bg7 7. O-O O-O 8. dxe5 Nxe5 9. Nxe5 dxe5 10. Be3 c6 11. b4 Be6 12. a4 Qxd1 13. Rfxd1 a5 14. b5 Rfc8 15. Rac1 Bf8 16. f3 Nd7 17. Nd5 f6 18. bxc6 bxc6 19. c5 cxd5 20. exd5 Bxc5 21. Bxc5 Nxc5 22. dxe6 Kf8 23. Rd5 Nxe6 24. Rxc8+ Rxc8 25. Rxa5 Rc2 26. Bf1 Nc7 27. Ra7 Ke7 28. a5 Kd7 29. Rb7 Ra2 30. Rb6 Rxa5 31. Rxf6 Ke7 32. Rc6 Kd7 33. Rf6 Ke7 34. Rc6 Kd7 1/2-1/2

[Event "Russian Championship Higher League"]
[Site "Tyumen RUS"]
[Date "2012.06.25"]
[Round "9"]
[White "Daniil Dubov"]
[Black "Dmitry Bocharov"]
[Result "1-0"]
[EventDate "2012.06.16"]
[WhiteElo "2569"]
[BlackElo "2600"]
[PlyCount "83"]

1. d4 Nf6 2. c4 e6 3. Nc3 Bb4 4. e3 O-O 5. Ne2 d5 6. a3 Bd6 7. c5 Be7 8. b4 c6 9. Nf4 b6 10. Nd3 a5 11. Rb1 Nbd7 12. Be2 Ba6 13. O-O Qc7 14. f3 Rfe8 15. Bd2 axb4 16. axb4 Bc4 17. Qc2 Reb8 18. Rfc1 h6 19. Be1 Rb7 20. Ra1 Rba7 21. Rxa7 Qxa7 22. Rb1 Bd8 23. Nc1 Bxe2 24. N3xe2 bxc5 25. bxc5 e5 26. Nd3 Qa3 27. Bb4 Qa6 28. dxe5 Ne8 29. Nd4 Nc7 30. Bd2 Qc4 31. Rc1 Ra2 32. Qb1 Qa4 33. Bc3 Ra3 34. Bb2 Ra2 35. Nb4 Qxb4 36. Qxa2 Qd2 37. Qa3 Bh4 38. Qc3 Bf2+ 39. Kf1 Qxe3 40. Nxc6 Nxc5 41. Ne7+ Kh8 42. Rc2 1-0

[Event "Russian Championship Higher League"]
[Site "Tyumen RUS"]
[Date "2012.06.23"]
[Round "7"]
[White "Daniil Dubov"]
[Black "Dmitry Andreikin"]
[Result "1/2-1/2"]
[EventDate "2012.06.16"]
[WhiteElo "2569"]
[BlackElo "2700"]
[PlyCount "42"]

1. d4 Nf6 2. c4 e6 3. Nc3 Bb4 4. e3 O-O 5. Ne2 d5 6. a3 Be7 7. cxd5 Nxd5 8. g3 Nxc3 9. Nxc3 c5 10. d5 exd5 11. Nxd5 Nd7 12. Bg2 Nf6 13. Nxe7+ Qxe7 14. O-O Bf5 15. Qe2 Qe6 16. Bxb7 Rab8 17. Ba6 Bh3 18. Re1 Bg4 19. Qf1 Bh3 20. Qe2 Bg4 21. Qf1 Bh3 1/2-1/2

[Event "Russian Championship Higher League"]
[Site "Tyumen RUS"]
[Date "2012.06.20"]
[Round "5"]
[White "Daniil Dubov"]
[Black "Ivan Popov"]
[Result "1/2-1/2"]
[EventDate "2012.06.16"]
[WhiteElo "2569"]
[BlackElo "2609"]
[PlyCount "77"]

1. d4 d5 2. c4 dxc4 3. Nf3 a6 4. e3 b5 5. a4 Bb7 6. b3 Nd7 7. bxc4 b4 8. c5 e5 9. Bc4 Qf6 10. O-O Bxf3 11. Qxf3 Qxf3 12. gxf3 Be7 13. Nd2 exd4 14. exd4 Bf6 15. Nb3 Ne7 16. Bf4 Ra7 17. Rfe1 O-O 18. h3 a5 19. Rad1 Rd8 20. d5 Ng6 21. Bg3 Bc3 22. Re3 Nde5 23. Be2 f5 24. f4 Nf7 25. h4 Bf6 26. h5 Nf8 27. Bb5 g6 28. hxg6 Nxg6 29. Re6 Kg7 30. f3 h5 31. Kh2 h4 32. Bf2 Nxf4 33. Rg1+ Ng5 34. Rxf6 Kxf6 35. Bd4+ Kg6 36. Be3 Kf6 37. Bd4+ Kg6 38. Be3 Kf6 39. Bd4+ 1/2-1/2

[Event "Russian Championship Higher League"]
[Site "Tyumen RUS"]
[Date "2012.06.19"]
[Round "4"]
[White "Sanan Sjugirov"]
[Black "Daniil Dubov"]
[Result "1/2-1/2"]
[EventDate "2012.06.16"]
[WhiteElo "2625"]
[BlackElo "2569"]
[PlyCount "47"]

1. d4 Nf6 2. c4 c5 3. d5 b5 4. cxb5 a6 5. f3 e6 6. e4 exd5 7. e5 Qe7 8. Qe2 Ng8 9. f4 Qd8 10. g3 axb5 11. Bg2 Nc6 12. Bxd5 Nge7 13. Bg2 Nd4 14. Qd1 d5 15. exd6 Nec6 16. Bxc6+ Nxc6 17. Qe2+ Be6 18. f5 Nd4 19. Qe4 Nxf5 20. Qc6+ Bd7 21. Qe4+ Be6 22. Qc6+ Bd7 23. Qe4+ Be6 24. Qc6+ 1/2-1/2

[Event "Russian Championship Higher League"]
[Site "Tyumen RUS"]
[Date "2012.06.18"]
[Round "3"]
[White "Daniil Dubov"]
[Black "Vladimir Potkin"]
[Result "1-0"]
[EventDate "2012.06.16"]
[WhiteElo "2569"]
[BlackElo "2642"]
[PlyCount "51"]

1. d4 d5 2. c4 c6 3. e3 Nf6 4. Bd3 e5 5. Nc3 e4 6. Bc2 Be7 7. f3 exf3 8. Nxf3 Bg4 9. O-O O-O 10. Qd3 Na6 11. a3 Bh5 12. Nh4 Bg6 13. Nxg6 hxg6 14. cxd5 cxd5 15. Bb3 Nc7 16. Bd2 Ne6 17. Rae1 Rc8 18. Re2 Ng5 19. Be1 Ne6 20. Bh4 g5 21. Bg3 g6 22. Ref2 Ng7 23. h3 Ngh5 24. Be5 g4 25. Nxd5 Nxd5 26. Rxf7 1-0

[Event "Russian Championship Higher League"]
[Site "Tyumen RUS"]
[Date "2012.06.17"]
[Round "2"]
[White "Igor Kurnosov"]
[Black "Daniil Dubov"]
[Result "0-1"]
[EventDate "2012.06.16"]
[WhiteElo "2663"]
[BlackElo "2569"]
[PlyCount "78"]

1. e4 c5 2. Nf3 d6 3. d4 cxd4 4. Nxd4 Nf6 5. Nc3 Nc6 6. Bg5 e6 7. Qd2 a6 8. O-O-O Bd7 9. f3 b5 10. Nxc6 Bxc6 11. Bd3 Be7 12. Kb1 O-O 13. h4 b4 14. Ne2 a5 15. Nd4 Bd7 16. g4 a4 17. Be3 b3 18. cxb3 axb3 19. a3 Ba4 20. h5 Nd7 21. g5 Qa5 22. Qg2 Ne5 23. g6 Bf6 24. h6 fxg6 25. hxg7 Rfe8 26. Be2 Rac8 27. Qh3 h5 28. f4 Nc4 29. e5 Nxe3 30. exf6 Nxd1 31. Rxd1 Qd8 32. Qh4 Kf7 33. f5 Qxf6 34. g8=Q+ Rxg8 35. fxg6+ Qxg6+ 36. Ka1 Qg5 37. Bxh5+ Ke7 38. Qe1 Bd7 39. Bf3 Rgf8 0-1

[Event "Russian Championship Higher League"]
[Site "Tyumen RUS"]
[Date "2012.06.16"]
[Round "1"]
[White "Daniil Dubov"]
[Black "Mikhail Popov"]
[Result "1-0"]
[EventDate "2012.06.16"]
[WhiteElo "2569"]
[BlackElo "2184"]
[PlyCount "61"]

1. d4 d6 2. Nf3 Bg4 3. c4 Bxf3 4. exf3 c6 5. Nc3 g6 6. Be2 Bg7 7. O-O Nf6 8. d5 Nbd7 9. Be3 O-O 10. a4 a5 11. f4 Qc7 12. h4 Rfd8 13. Rc1 Nc5 14. h5 Nce4 15. hxg6 hxg6 16. Nxe4 Nxe4 17. Bd3 Nc5 18. f5 Nxd3 19. Qxd3 gxf5 20. Qxf5 Qd7 21. Qh5 cxd5 22. Bh6 Qe6 23. Bxg7 Kxg7 24. Rc3 Qe5 25. Rg3+ Kf8 26. Rg5 Qxb2 27. cxd5 Qf6 28. Re1 e6 29. dxe6 fxe6 30. Rg6 Qc3 31. Rexe6 1-0

[Event "Russian Team Championship"]
[Site "Sochi RUS"]
[Date "2012.04.14"]
[Round "6"]
[White "Daniil Dubov"]
[Black "Leinier Dominguez Perez"]
[Result "1-0"]
[EventDate "2012.04.09"]
[WhiteElo "2536"]
[BlackElo "2730"]
[PlyCount "87"]

1. d4 Nf6 2. c4 g6 3. g3 c5 4. Nf3 Bg7 5. Bg2 Qa5+ 6. Nc3 Nc6 7. O-O cxd4 8. Nxd4 Qc5 9. Ndb5 O-O 10. Be3 Qxc4 11. Rc1 Qb4 12. Nc7 Rb8 13. a3 Qa5 14. N3b5 Ng4 15. Bc5 Bxb2 16. Rc4 d6 17. Ra4 Qxa4 18. Qxa4 dxc5 19. Nxa7 Bd7 20. Rd1 Rbd8 21. Nxc6 bxc6 22. Rb1 Be5 23. Na6 Bf5 24. e4 Bc8 25. h3 Bxa6 26. Qxa6 Nf6 27. f4 Bd4+ 28. Kh2 Ra8 29. Qxc6 Rxa3 30. g4 Be3 31. Rf1 Rd8 32. e5 Ne8 33. e6 Nf6 34. Qc7 Rd6 35. g5 Nh5 36. Qb8+ Kg7 37. Qb2+ Rd4 38. Qxa3 Bxf4+ 39. Kg1 Ng3 40. Re1 Nf5 41. Qxc5 Bd6 42. Qc8 f6 43. gxf6+ Kxf6 44. Be4 1-0